00965nam a22002297a 45000010005000000030006000050050017000110080041000280400030000690500015000990820011001141000023001252450044001482600037001923000027002294900016002565010007002725200413002795210012006927000015007048560016007193310FISKH20241107111407.0240226b cb ||||| |||| 00| 0 eng d aFISK beng cFISK dFISK  aPZ7.S86037 a813.54 aStine R.L :d1943  aNight of the living dummy /cR.L Stine  aNew York : bScholastic, c1993  a134 pages : b20 cm :  3Goosebumps  aK  aJuvenile Fiction. Juvenile Literature. HTML: Something scary is happening in GOOSEBUMPS HORRORLAND, the all-new, all-terrifying series by R. L. Stine. Just how scary? You'll never know unless you crack open this classic prequel! Discover the fan-favorite thriller and chiller that first introduced the world to the wooden face of fear. The puppet who pulls all the strings. None other than Slappy the Dummy!8 a590 bK aR.L Stine  3Goosebumps